| 000 | 00754cam a22002413a 4500 | ||
|---|---|---|---|
| 001 | 16562 | ||
| 003 | PGUSA | ||
| 005 | 20140828083343.0 | ||
| 008 | 050820s2005||||xxu|||||s|||||000 | eng d | ||
| 040 |
_aPGUSA _beng |
||
| 042 | _adc | ||
| 050 | 4 | _aQD | |
| 100 | 1 |
_aGaubius, Hieronymus David, _d-1780 |
|
| 245 | 1 | 0 |
_aChemiam artibus academicis jure esse inserendam _h[electronic resource] / _cHieronymus David Gaubius |
| 260 |
_bProject Gutenberg, _c2005 |
||
| 506 | _aPublic domain in the USA. | ||
| 516 | _aElectronic text | ||
| 653 | _aChemistry -- Early works to 1800 | ||
| 653 | _aChemistry -- Study and teaching -- Early works to 1800 | ||
| 830 | 0 |
_aProject Gutenberg _v16562 |
|
| 856 | 4 | 0 | _uhttp://www.gutenberg.org/ebooks/16562 |
| 942 | _cEB | ||
| 999 |
_c245817 _d245817 |
||